| 000 | 01751nam0a2200409 4500 | ||
|---|---|---|---|
| 001 | RU\NLR\BIBL_A\021976043 | ||
| 005 | 20231219165339.0 | ||
| 010 |
_a978-5-506-08529-4 _95000 |
||
| 021 |
_aRU _bКН-П-23-036374 _9КН-П-23-3607 |
||
| 035 | _a(NLR Aleph) 021976043 | ||
| 035 | _a(RuMoRGB)011833542 | ||
| 090 |
_a12381274 _c12381274 |
||
| 100 | _a20230706d2023 u y0rusy50 ca | ||
| 101 | 1 |
_arus _cfre |
|
| 102 | _aRU | ||
| 105 | _aa z 000ay | ||
| 181 | 0 |
_ab2 _bab2e |
|
| 181 | 0 |
_ai1 _baxxe |
|
| 182 | 0 | _an | |
| 200 | 1 |
_aЗолушка, или Хрустальная туфелька _e[для детей старшего дошкольного возраста] _fШарль Перро _g[пересказ с французского Т. Г. Габбер _gхудожник Ксения Павлова] |
|
| 203 |
_aИзображение _aТекст _bвизуальные _cнепосредственные |
||
| 210 |
_aМосква _cУМка _cСИМБАТ _d2023 |
||
| 215 |
_a[16] с. _cцв. ил. _d20 |
||
| 225 | 1 | _aСказки малышам | |
| 300 | _aЗагл. обл.: Золушка | ||
| 333 | _a0+ | ||
| 512 | 1 | _aЗолушка | |
| 517 | 1 | _aХрустальная туфелька | |
| 686 | 0 | _aШ9(4Фр)60-4 | |
| 700 | 1 |
_7ca _8rus _aПерро _bШ. _f1628-1703 _gШарль _9110440 _3RU\NLR\AUTH\77385 |
|
| 702 | 1 |
_4010 _7ca _8rus _aГаббе _bТ. Г. _f1903-1960 _gТамара Григорьевна _9121268 _3RU\NLR\AUTH\7711525 |
|
| 702 | 1 |
_4040 _7ca _8rus _aПавлова _bК. А. _cхудожник _f1975- _gКсения Андреевна _931802 _3RU\NLR\AUTH\7748867 |
|
| 942 | _cBOOK | ||
| 980 | _aNB | ||